| 000 | 00453 a2200157 4500 | ||
|---|---|---|---|
| 005 | 20250629114027.0 | ||
| 020 | _a978-0-13-208608-0 | ||
| 082 | _a658.7 CHO | ||
| 100 | _aCHOPRA,S. | ||
| 245 | _aSupply Chain Management: Strategy,Planning & Operations | ||
| 250 | _a3rd Ed. | ||
| 260 |
_aNew Jersey, _bPearson Education Inc., _c2007. |
||
| 300 |
_axv,536p.:ill.;figures,tables _bBibliography and Index _c26cm |
||
| 700 | _aMeindl,Peter | ||
| 942 |
_2ddc _cBKS |
||
| 999 |
_c6295 _d6295 |
||